000 005240000a22001810004500
003 MACL
005 20160409113518.0
008 160409b xxu||||| |||| 00| 0 eng d
040 _aMACL
_cMACL
041 _aHindi
082 _a530
100 _aपेरेलमान या. इ
_951058
245 _aभौतिकी के मनोरंजक खेल
260 _bविज्ञान लोक
_c2001
_aनई दिल्‍ली
350 _a125
650 _aPhysics
_951201
942 _cHIN
_k530
_2ddc
999 _c9269
_d9269